| 000 | 01376cam a22003251 4500 | ||
|---|---|---|---|
| 001 | e 40000147 | ||
| 003 | DLC | ||
| 005 | 20260227111228.0 | ||
| 008 | 861020s1939 alu s000 0 eng | ||
| 010 | _ae 40000147 | ||
| 035 | _a(OCoLC)14443063 | ||
| 040 |
_aDLC _cATrT _dDLC |
||
| 042 | _apremarc | ||
| 050 | 0 | 0 |
_aL116 _b.B2 1940, no. 2 |
| 110 | 1 |
_aAlabama. _bDepartment of Education. |
|
| 245 | 1 | 0 |
_aPlanning the core curriculum in the secondary school. _bAlabama curriculum development program. _cAuthorized by the State board of education, 1939. |
| 260 |
_a[Montgomery, _c1939] |
||
| 300 |
_avii, 71 p. _c24 cm. |
||
| 490 | 1 |
_aCurriculum bulletin, _vno. 7 |
|
| 490 | 1 |
_aDepartment bulletin, _v1940, no. 2 |
|
| 500 | _aAt head of title: State of Alabama. Department of education. Division of instruction. Montgomery. | ||
| 500 | _a"Prepared, for the most part, by the Alabama committee working in the Curriculum laboratory of Peabody college during the summer of 1939."--p. v. | ||
| 504 | _aBibliography: p. 63-71. | ||
| 650 | 0 |
_aEducation _xCurricula _zAlabama. |
|
| 650 | 0 | _aEducation, Secondary. | |
| 710 | 1 |
_aAlabama. _bState Board of Education. |
|
| 740 | 0 | _aAlabama curriculum development program. | |
| 830 | 0 |
_aCurriculum bulletin (Alabama. Department of Education) ; _vno. 7. |
|
| 830 | 0 |
_aBulletin (Alabama. Department of Education) ; _v1940, no. 2. |
|
| 999 |
_c21692 _d21692 |
||